000 04653nam a2200469 i 4500
003 EG-GICUC
005 20260204160112.0
008 260204s2025 ua |||f m||| 00| 0 ara d
040 _aEG-GICUC
_cEG-GICUC
_dEG-GICUC
_erda
_bara
041 0 _aara
049 _aإهداء
082 0 4 _a343.435062
_221
097 _aPh.D
099 _aLaw 10 PHD 2025
100 0 _aأحمد محمد معتز مصطفي سليم
_eمؤلف.
245 1 0 _aالسياسة الجنائية لمواجهة الجماعات الإرهابية (دراسة مقارنة) /
_cإعداد أحمد محمد معتز مصطفي سليم؛ إشراف الأستاذ الدكتور أحمد عوض بلال.
264 0 _aالقاهرة:
_bكلية الحقوق- جامعة القاهرة،
_c2025.
300 _a375 صفحة؛
_c25 سم.
336 _atext
_2rda content
337 _aComputer
_2rda media
338 _aOnline Resource
_2rda carrier
500 _aرسائل نسخة منفردة
502 _a أطروحة (دكتوراة)- جامعة القاهرة، كلية الحقوق، قسم القانون الجنائي، 2025.
504 _aببليوجرافيا: صفحات 330-368
520 3 _aتؤكد النتائج أن مواجهة الإرهاب لا يمكن أن تقتصر على الجانب العقابي وحده؛ إذ إن السياسات الجنائية مهما بلغت من صرامة، تبقى عاجزة عن تحقيق الردع الكامل ما لم تقترن بسياسات وقائية تعالج منابع الفكر المتطرف، سواء عبر التعليم أو الخطاب الديني أو الإعلام. ومن هنا تبرز الحاجة إلى استراتيجية شاملة تتكامل فيها التشريعات مع الأدوات الوقائية والفكرية والمجتمعية. وتبين من خلال نتائج الدراسة أن السياسة الجنائية الفاعلة لمكافحة الإرهاب تقوم على ثلاث ركائز رئيسة الردع القانوني عبر تجريم الأفعال الإرهابية بمختلف صورها وفرض عقوبات رادعة، والضمانات الدستورية التي تحافظ على حقوق المتهمين وتضمن إجراءات عادلة، والوقاية الفكرية والمجتمعية التي تهدف إلى معالجة الجذور التي تنتج التطرف، من خلال إصلاحالتعليم، وتجديد الخطاب الديني، وتفعيل دور الإعلام والثقافة في نشر قيم التسامحوالمواطنة. أظهرت الدراسة أن التشريع المصري حقق تقدما ملموسا في مجال الردع، غير أن بعض النصوص تحتاج إلى تطوير يمنحها مرونة أكبر لمواجهة أنماط الإرهاب الحديثة، خصوصا تلك التي تعتمد على الفضاء الرقمي وشبكات التمويل العابرة للحدود. كما بينت أن تعزيز دور القضاء في الرقابة على تطبيق الإجراءات الاستثنائية يساهم في ترسيخ الثقة بمنظومة العدالة. انتهت الدراسة إلى أن السياسة الجنائية التي تستند إلى هذه الأركان الثلاثة قادرة على تحقيق حماية المجتمع، وصون استقرار الدولة، وترسيخ مبادئ العدالة في آن واحد. ومن ثم، تقدم الرسالة رؤية متكاملة السياسة جنائية معاصرة تستجيب لمتطلبات الأمن القومي، وتواكب التحولات السريعة في طبيعة الجريمة الإرهابية.
546 _aالملخص باللغة العربية
650 0 4 _aالقانون الجنائي
653 _aالسياسة الجنائية
653 _aمكافحة الإرهاب
653 _aالردع القانوني
653 _aالضمانات الدستورية
653 _aالوقاية الفكرية والمجتمعية
653 _aالإرهاب الرقمي
653 _aالتعاون الدولي
655 4 _aرسائل جامعية
_zجامعة القاهرة
_xالقانون الجنائي
700 0 _aأحمد عوض بلال
_eمشرف.
710 2 _aجامعة القاهرة.
_bكلية الحقوق
856 _uhttps://fll.law.cu.edu.eg/fulltext/th/T10-04261.pdf
900 _b2025
_Uجامعة القاهرة
_Fكلية الحقوق
_Dقسم القانون الجنائي
905 _a64
942 _2ddc
_cTH
_e21
_n0
999 _c60878